Top 20 Most Expensive Premier League Transfers - Statistics

General Stats
  • This quiz has been taken 47 times
  • The average score is 13 of 20
Answer Stats
Transfer Fee Season Player % Correct
125,00 mln € 25/26 Florian Wirtz
93%
121,00 mln € 22/23 Enzo Fernández
91%
116,00 mln € 23/24 Moisés Caicedo
88%
117,50 mln € 21/22 Jack Grealish
86%
105,00 mln € 16/17 Paul Pogba
84%
116,60 mln € 23/24 Declan Rice
81%
113,00 mln € 21/22 Romelu Lukaku
77%
84,70 mln € 17/18 Romelu Lukaku
77%
87,00 mln € 19/20 Harry Maguire
70%
84,65 mln € 17/18 Virgil van Dijk
67%
95,00 mln € 22/23 Antony
63%
85,00 mln € 21/22 Jadon Sancho
58%
90,00 mln € 23/24 Josko Gvardiol
53%
80,00 mln € 20/21 Kai Havertz
53%
85,00 mln € 22/23 Darwin Núñez
47%
80,00 mln € 19/20 Nicolas Pépé
42%
80,00 mln € 18/19 Kepa Arrizabalaga
40%
76,00 mln € 15/16 Kevin De Bruyne
30%
80,40 mln € 22/23 Wesley Fofana
30%
77,80 mln € 23/24 Rasmus Højlund
28%
No matching quizzes found
Score Distribution
Percent of People with Each Score
Percentile by Number Answered
Your Score History
You have not taken this quiz